Top Selling MLB Baseball Jerseys - Statistics

General Stats
  • This quiz has been taken 67 times
    14 since last reset
  • The average score is 13 of 20
Answer Stats
Hint Answer % Correct
2. Aaron Judge
100%
1. Shohei Ohtani
100%
4. Mookie Betts
92%
3. Freddie Freeman
77%
18. Paul Skenes
77%
11. Ronald Acuña Jr.
77%
8. Bryce Harper
69%
10. Fernando Tatis Jr.
69%
6. Juan Soto
69%
14. Elly De La Cruz
62%
20. Cal Raleigh
54%
19. Manny Machado
54%
17. Pete Alonso
54%
7. Rafael Devers
54%
15. Vladimir Guerrero Jr.
54%
9. Jose Altuve
46%
16. Pete Crow-Armstrong
46%
5. Francisco Lindor
38%
12. Clayton Kershaw
31%
13. Jarren Duran
31%
No matching quizzes found
Score Distribution
Percent of People with Each Score
Percentile by Number Answered
Your Score History
You have not taken this quiz since the last reset